[Event "KOS-chT2"]
[Site "Pristina"]
[Date "2023.05.30"]
[Round "6"]
[White "Dilji, Emell"]
[Black "Dobraj, Bleron"]
[Result "0-1"]
[WhiteElo "1738"]
[BlackElo "1985"]
[PlyCount "120"]
[EventDate "2023.05.27"]
[EventType "team-swiss"]
[EventRounds "7"]
[EventCountry "KOS"]
[SourceTitle "CBM 214 Extra"]
[Source "ChessBase"]
[SourceDate "2023.07.31"]
[SourceVersion "1"]
[SourceVersionDate "2023.07.31"]
[SourceQuality "1"]
[WhiteTeam "Zhupa"]
[BlackTeam "Rahoveci"]
[WhiteTeamCountry "KOS"]
[BlackTeamCountry "KOS"]

1. d4 d5 2. c4 c6 3. Nc3 Nf6 4. cxd5 cxd5 5. Bg5 e6 6. Nf3 Nc6 7. e3 Be7 8. Bd3 h6 9. Bh4 0-0 10. 0-0 Ne4 11. Bxe7 Nxc3 12. Bxd8 Nxd1 13. Rfxd1 Rxd8 14. a3 Bd7 15. Rdc1 a6 16. Rc3 Rdc8 17. Rac1 Ne7 18. Rc7 Kf8 19. Ne5 Bc6 20. Rxc8+ Rxc8 21. b4 f6 22. Ng6+ Nxg6 23. Bxg6 Ke7 24. Bd3 Bd7 25. Rc5 b6 26. Rxc8 Bxc8 27. a4 a5 28. b5 g5 29. g3 f5 30. f4 Kf6 31. h3 Bd7 32. fxg5+ hxg5 33. Kf2 Be8 34. Kf3 Bh5+ 35. g4 Bg6 36. gxf5 Bh5+ 37. Kg3 Bd1 38. fxe6 Kxe6 39. e4 Bxa4 40. e5 Bd1 41. Bh7 a4 42. Kf2 Bb3 43. Kg3 a3 44. Bb1 a2 45. Bxa2 Bxa2 46. Kg4 Bc4 47. Kxg5 Bxb5 48. h4 Be8 49. Kf4 b5 50. Ke3 Kf5 51. Kd3 Kf4 52. Kd2 Ke4 53. Kc3 b4+ 54. Kxb4 Kxd4 55. e6 Ke3 56. Kc5 d4 57. Kd6 d3 58. Ke7 Bh5 59. Kf8 d2 60. e7 d1Q 0-1

[Event "Online Olym Div3 C"]
[Site "Chess.com INT"]
[Date "2021.08.29"]
[Round "9.1"]
[White "Mwape, Mwewa"]
[Black "Dobraj, Bleron"]
[Result "0-1"]
[WhiteElo "1798"]
[BlackElo "1935"]
[PlyCount "62"]
[EventDate "2021.08.27"]
[EventType "team-tourn (rapid)"]
[EventRounds "9"]
[EventCountry "USA"]
[SourceTitle "CBM 204 Extra"]
[Source "ChessBase"]
[SourceDate "2021.11.30"]
[SourceVersion "1"]
[SourceVersionDate "2021.11.30"]
[SourceQuality "1"]
[WhiteTeam "Zambia"]
[BlackTeam "Kosovo"]
[WhiteTeamCountry "ZAM"]
[BlackTeamCountry "KOS"]

1. e4 c5 2. Nf3 Nc6 3. d4 cxd4 4. Nxd4 d6 5. Nc3 a6 6. Be2 g6 7. Nxc6 bxc6 8. Qd4 Nf6 9. Bg5 Bg7 10. 0-0-0 0-0 11. e5 Nd7 12. f4 dxe5 13. fxe5 Bxe5 14. Qe3 Bf6 15. h4 Qa5 16. Bxf6 exf6 17. h5 Qg5 18. Qxg5 fxg5 19. Ne4 Re8 20. Bg4 f5 21. Rxd7 fxe4 22. hxg6 Bxd7 23. gxh7+ Kh8 24. Bxd7 Re7 25. Bf5 Rf8 26. g4 e3 27. Kd1 Rd8+ 28. Bd3 Rd4 29. Rg1 Rxh7 30. Ke2 Rh3 31. Rg2 a5 0-1

[Event "Online Olym Div3 C"]
[Site "Chess.com INT"]
[Date "2021.08.28"]
[Round "6.1"]
[White "Dobraj, Bleron"]
[Black "Sanger, Jake M"]
[Result "0-1"]
[WhiteElo "1935"]
[BlackElo "1936"]
[PlyCount "62"]
[EventDate "2021.08.27"]
[EventType "team-tourn (rapid)"]
[EventRounds "9"]
[EventCountry "USA"]
[SourceTitle "CBM 204 Extra"]
[Source "ChessBase"]
[SourceDate "2021.11.30"]
[SourceVersion "1"]
[SourceVersionDate "2021.11.30"]
[SourceQuality "1"]
[WhiteTeam "Kosovo"]
[BlackTeam "Scotland"]
[WhiteTeamCountry "KOS"]
[BlackTeamCountry "SCO"]

1. e4 c5 2. Nf3 Nc6 3. c3 Nf6 4. e5 Nd5 5. d4 cxd4 6. cxd4 d6 7. exd6 Qxd6 8. Nc3 Nxc3 9. bxc3 Bg4 10. Be2 e6 11. 0-0 Be7 12. h3 Bh5 13. Qb3 0-0 14. a4 Qc7 15. g3 Bd6 16. Ba3 Bxa3 17. Rxa3 Rfd8 18. Rb1 b6 19. Ra2 Rac8 20. Rd2 Na5 21. Qb5 Bxf3 22. Bxf3 Qxc3 23. Rbd1 Qxf3 24. d5 exd5 25. Qa6 Rc2 26. Qxa7 Rxd2 27. Rxd2 Rc8 28. Kh2 h6 29. Qxb6 Rc1 30. Qd8+ Kh7 31. Qxd5 Rh1# 0-1

[Event "Kosovo-chT"]
[Site "Pristina"]
[Date "2021.05.17"]
[Round "4.3"]
[White "Arben, Avdiu"]
[Black "Dobraj, Bleron"]
[Result "1-0"]
[WhiteElo "2031"]
[BlackElo "1875"]
[PlyCount "86"]
[EventDate "2021.05.15"]
[EventType "team-tourn"]
[EventRounds "7"]
[EventCountry "KOS"]
[SourceTitle "CBM 202 Extra"]
[Source "ChessBase"]
[SourceDate "2021.07.31"]
[SourceVersion "1"]
[SourceVersionDate "2021.07.31"]
[SourceQuality "1"]
[WhiteTeam "Prishtina"]
[BlackTeam "Decani"]
[WhiteTeamCountry "KOS"]
[BlackTeamCountry "KOS"]

1. e4 c5 2. c3 e6 3. d4 d5 4. e5 Nc6 5. f4 Qb6 6. Nf3 Nh6 7. a4 a6 8. Bd3 Bd7 9. dxc5 Bxc5 10. b4 Be3 11. Ke2 Ng4 12. Rf1 d4 13. a5 Qa7 14. h3 Bxc1 15. Qxc1 Ne3 16. Rf2 Rc8 17. Qb2 Nd5 18. Nxd4 Nxc3+ 19. Nxc3 Qxd4 20. Na4 Qxb2+ 21. Nxb2 Nxb4 22. Nc4 0-0 23. Nd6 Rc3 24. Be4 Bc6 25. Rb1 Nd5 26. Rf3 Rxf3 27. Kxf3 Nc3 28. Bxc6 Nxb1 29. Bxb7 Nd2+ 30. Ke3 Nb3 31. Bxa6 Nxa5 32. Bb5 Rb8 33. Kd4 Kf8 34. g4 Ke7 35. f5 f6 36. Ba6 fxe5+ 37. Kc5 Nb3+ 38. Kc6 Nd4+ 39. Kc7 Rb3 40. Nc8+ Kf6 41. fxe6 Nxe6+ 42. Kd6 Rxh3 43. Ne7 Nf4 1-0